| 000 | 01005cam a22002531i 4500 | ||
|---|---|---|---|
| 003 | SA-RiAUC | ||
| 005 | 20250901084050.0 | ||
| 008 | 250831s1976 ti g 000 0 ara c | ||
| 040 |
_aSA-MuMU _bara _cSA-RiAUC _erda |
||
| 043 | _aa-su--- | ||
| 082 | 0 | 4 |
_a915.31204 _qSA-RiAUC |
| 090 |
_a915.31204 _bس ن و |
||
| 100 | 1 |
_aالسنوسي، محمد بن عثمان بن محمد، _d1267-1318 هجري _eمؤلف. |
|
| 245 | 1 | 2 |
_aالرحلة الحجازية / _cتأليف محمد السنوسي ؛ تحقيق علي بن الطاهر الشنوفي. |
| 264 | 1 |
_aتونس : _bالشركة التونسية، _c1976 |
|
| 300 |
_a344 صفحة ؛ _c24 سم |
||
| 336 |
_aنص _btxt _2rdacontent _3كتاب |
||
| 337 |
_aبدون وسيط _bn _2rdamedia |
||
| 338 |
_aمجلد _bnc _2rdacarrier |
||
| 651 | 7 |
_aالحجاز (السعودية) _xوصف ورحلات _2aucsh |
|
| 700 | 1 |
_aالشنوفي، علي، _d1924- _eمحقق. |
|
| 942 |
_2ddc _cBOOK _n0 |
||
| 949 |
_aSA-JeALM _d250831 _umohamedma123 _n1 |
||
| 999 |
_c11341 _d11341 |
||